| 000 | 00637nam a2200217Ia 4500 | ||
|---|---|---|---|
| 005 | 20240323090917.0 | ||
| 008 | 140110s9999 xx 000 0 und d | ||
| 020 |
_a9780070587182 _cRs.735.00 |
||
| 040 | _aLoreto College | ||
| 041 | _aEnglish | ||
| 082 |
_a511.5 _bBAL |
||
| 100 | _aBalakrishnan,V.K. | ||
| 245 |
_aSchaum's outline of theory and problems of graph theory _cV.K.Balakrishnan |
||
| 260 |
_aNew Delhi _bTata McGraw Hill Education _c2004 |
||
| 300 | _aviii,293p | ||
| 440 | _aSchaum's outlines | ||
| 504 | _aIncludes bibliographical references and index | ||
| 650 | _aGraph theory | ||
| 850 | _aLCLIB | ||
| 942 | _cBK | ||
| 999 |
_c38761 _d89240 |
||